| 000 | 00926nam a22003017a 4500 | ||
|---|---|---|---|
| 003 | OSt | ||
| 005 | 20260423154924.0 | ||
| 007 | ta | ||
| 008 | 260423b bl ||||| |||| 00| 0 por d | ||
| 020 |
_a9788520362228 _q(broch.) |
||
| 040 |
_bpor _cOSt |
||
| 041 | 0 |
_apor _hpor |
|
| 082 |
_a342.5 _bM357c |
||
| 100 | 1 |
_aMarques, Claudia Lima _91138 |
|
| 210 | _2Comentários ao Código de Defesa do Consumidor | ||
| 245 | 1 | 0 | _aComentários ao Código de Defesa do Consumidor / |
| 250 | _a5. ed. | ||
| 260 |
_aSão Paulo : _bEditora Revista dos Tribunais, _c2016. |
||
| 300 |
_a2318 p. : _c24 cm |
||
| 500 | _aInclui versão eletrônica do livro | ||
| 504 | _aBibliografia: p. 2265-2315 | ||
| 650 | 0 | 4 | _aConsumidores |
| 650 | 0 | 4 | _aLeis e legislação |
| 650 | 0 | 4 | _aBrasil |
| 700 | 1 |
_aBenjamin, Antonio Herman V. _d1957- _q(Antonio Herman de Vasconcellos e) _91139 |
|
| 700 | 1 |
_aMiragem, Bruno _91140 |
|
| 942 |
_2ddc _cLIV _n0 |
||
| 999 |
_c833 _d833 |
||